| 000 | 00749nam a2200217 a 4500 | ||
|---|---|---|---|
| 005 | 20241026063726.0 | ||
| 008 | 020520s1998 mx r 000 0 spa d | ||
| 020 | _a9507014837 | ||
| 035 | _aUPN01000117366 | ||
| 049 | _aCG | ||
| 050 | 4 |
_aQA11 _bV5.6 |
|
| 100 | 1 |
_aVillella, José Agustín _937317 |
|
| 245 | 1 | 1 |
_a¡Piedra libre para la matemática! : _baportes y reflexiones para la renovación metodológica en la EGB / _cJosé Villella. |
| 260 |
_aBuenos Aires : _bAique, _c1998. |
||
| 300 |
_a192, [14] p. : _bil., alg. col. |
||
| 440 | 0 | _aCarrera docente | |
| 650 | 4 |
_aMatemáticas _xEstudio y enseñanza _93601 |
|
| 650 | 4 |
_aMatemáticas _vProblemas, ejercicios, etc. _93580 |
|
| 650 | 4 |
_aMatemáticas _xMetodología _924466 |
|
| 905 | _aLibro | ||
| 999 |
_c89898 _d89898 |
||